TRAWIATA - Hatásos algoritmus többdimenziós NMR tömbök transzformációs idéjének csökkentésére (rövid közlemény) /

Elmentve itt :
Bibliográfiai részletek
Szerző: Szalma Sándor
Dokumentumtípus: Cikk
Megjelent: 1989
Sorozat:Kolligátum
Kulcsszavak:Mágneses magrezonancia - színképelemzés, Kvantummechanika - színképelemzés, Kémia - matematika alkalmazása
Online Access:http://misc.bibl.u-szeged.hu/27943
LEADER 00726nab a2200169 i 4500
001 misc27943
005 20191111110254.0
008 170922s1989 hu o 0|| zxx d
040 |a SZTE Miscellanea Repozitórium  |b hun 
041 |a zxx 
100 1 |a Szalma Sándor 
245 1 0 |a TRAWIATA - Hatásos algoritmus többdimenziós NMR tömbök transzformációs idéjének csökkentésére   |h [elektronikus dokumentum] :  |b (rövid közlemény) /  |c  Szalma Sándor 
260 |c 1989 
300 |a 451-453 
490 0 |a Kolligátum 
695 |a Mágneses magrezonancia - színképelemzés, Kvantummechanika - színképelemzés, Kémia - matematika alkalmazása 
856 4 0 |u http://misc.bibl.u-szeged.hu/27943/1/018_019_174-176.pdf  |z Dokumentum-elérés